1138 1132 1819 1503 1536 1168 1635 1140 1682 1621 1602 1580 1216 1507 1578 1947 1138 1973 1138 1674 1628 1381 1411 1973 1076 1251 1633 1379 1567 1770 1996 1861 1795 1090 1309 1608 1606 1200 1511 1109 1766 1266 1190 1248 1531 1903 1734 1660 1597 1461 1514 1843 1057 1137 1215 1156 1606 1379 1067 1555 1645 1125 1220 1907 1535 1723 1437 1169 1609 1063 1553 1805 1642 1956 1812 1308 1968 1835 1218 1005 1110 1802 1294 1042 1277 1727 1325 1989 1716 1677 1455 1985 1419 1611 1561 1390 1344 1219 1162 BCNSPRNW ULIB Ver.6.0+V

เปลี่ยนเป็นภาษาไทย

Change to English
 แสดงรายละเอียดบรรณานุกรม
  กลับหน้าหลัก

Brief Record : Get Marc (ISO 2709) : E-mail record : QR code < ปิดหน้าต่าง
LEADER : 00000nam 2200000uu 4500
001    13399121822
003     ULIB
008    110411s2553||||th 000 0 tha d
020    9789744664198
020    9789744664327
060 04 WW290^bม321ต
100 0  มัญชิมา มะกรวัฒนะ
245 10 ตำรา ต้อหิน /^cมัญชิมา มะกรวัฒนะ
250    พิมพ์ครั้งที่ 1
260    ปทุมธานี :^bโรงพิมพ์มหาวิทยาลัยธรรมศาสตร์,^c2553
300    136 หน้า :^bภาพประกอบสี ;^c22 ซม.
650  2 Glaucoma
650  2 Glaucoma^xsurgery
650  7 ต้อหิน
650  7 ต้อหิน^xการรักษา
650  7 ตา, โรค
945    ^p250^l0^i033189
945    ^p250^l0^i033683
945    ^p250^l0^i033684
945    ^p250^l0^i033685
995    ทศพร
999 ^a ใช้งานได้ทุกระบบ
รายการนี้ยังไม่มีแท็ก
คุณยังไม่ได้ล็อกอิน คุณสามารถมีกิจกรรมร่วมกับเว็บไซต์ได้ แต่ต้องล็อกอินก่อน ::
  ล็อกอิน

รายการสื่อสารสนเทศ

ลำดับที่ ประเภท เลขเรียก/บาร์โค้ด สถานที่ สถานะ
1. วิทยาศาสตร์การแพทย์ และสุขภาพ
หนังสือสำรอง
สถานะ=หนังสือสำรอง
WW290 ม321ต ฉ.1 
  Barcode: 033189
ห้องสมุดวิทยาเขตสวรรค์ประชารักษ์
►ส่วนจัดเก็บหนังสือเก่า สปร
บนชั้น
  ขอยืม
2. วิทยาศาสตร์การแพทย์ และสุขภาพ
วิทยาศาสตร์การแพทย์ และสุขภาพ
WW290 ม321ต ฉ.2 
  Barcode: 033683
ห้องสมุดวิทยาเขตสวรรค์ประชารักษ์
►หนังสือทั่วไป
บนชั้น
3. วิทยาศาสตร์การแพทย์ และสุขภาพ
วิทยาศาสตร์การแพทย์ และสุขภาพ
WW290 ม321ต ฉ.3 
  Barcode: 033684
ห้องสมุดวิทยาเขตสวรรค์ประชารักษ์
►ส่วนจัดเก็บหนังสือเก่า สปร
บนชั้น
  ขอยืม
4. วิทยาศาสตร์การแพทย์ และสุขภาพ
วิทยาศาสตร์การแพทย์ และสุขภาพ
WW290 ม321ต ฉ.4 
  Barcode: 033685
ห้องสมุดวิทยาเขตสวรรค์ประชารักษ์
►ส่วนจัดเก็บหนังสือเก่า สปร
บนชั้น
  ขอยืม

รายการใกล้เคียง
    ผู้แต่ง [มัญชิมา มะกรวัฒนะ]

    หัวเรื่อง [Glaucoma]
    หัวเรื่อง [ต้อหิน]
    หัวเรื่อง [ตา, โรค]

BibComment


ยังไม่เคยถูกคอมเมนท์

คอมเมนท์ทรัพยากรรายการนี้
  คอมเมนท์: ตำรา ต้อหิน มัญช..


 Copyright 2026. Bcnsprnw @Library